|
|
|
|
| LEADER |
01828nam a2200433 i 4500 |
| 001 |
EBC4529650 |
| 003 |
MiAaPQ |
| 005 |
20200520144314.0 |
| 006 |
m o d | |
| 007 |
cr cnu|||||||| |
| 008 |
160809t20162016ctua o 001 0 eng d |
| 020 |
|
|
|z 9781785603150
|
| 020 |
|
|
|a 9781785603143
|q (electronic bk.)
|
| 035 |
|
|
|a (MiAaPQ)EBC4529650
|
| 035 |
|
|
|a (Au-PeEL)EBL4529650
|
| 035 |
|
|
|a (CaPaEBR)ebr11234614
|
| 035 |
|
|
|a (CaONFJC)MIL923957
|
| 035 |
|
|
|a (OCoLC)953658526
|
| 040 |
|
|
|a MiAaPQ
|b eng
|e rda
|e pn
|c MiAaPQ
|d MiAaPQ
|
| 050 |
|
4 |
|a HG4751
|b .I584 2016
|
| 082 |
0 |
|
|a 658.15224
|2 23
|
| 245 |
0 |
0 |
|a International perspectives on crowdfunding :
|b positive, normative and critical theory /
|c edited by Jerom Meric, Isabelle Maque, Julienne Brabet.
|
| 264 |
|
1 |
|a Bingley, [England] :
|b Emerald,
|c 2016.
|
| 264 |
|
4 |
|c 2016
|
| 300 |
|
|
|a 1 online resource (306 pages) :
|b illustrations, graphs, tables
|
| 336 |
|
|
|a text
|2 rdacontent
|
| 337 |
|
|
|a computer
|2 rdamedia
|
| 338 |
|
|
|a online resource
|2 rdacarrier
|
| 500 |
|
|
|a Includes index.
|
| 588 |
|
|
|a Description based on online resource; title from PDF title page (ebrary, viewed July 20, 2016).
|
| 590 |
|
|
|a Electronic reproduction. Ann Arbor, MI : ProQuest, 2016. Available via World Wide Web. Access may be limited to ProQuest affiliated libraries.
|
| 650 |
|
0 |
|a Crowd funding.
|
| 655 |
|
4 |
|a Electronic books.
|
| 700 |
1 |
|
|a Meric, Jerom,
|e editor.
|
| 700 |
1 |
|
|a Maque, Isabelle,
|e editor.
|
| 700 |
1 |
|
|a Brabet, Julienne,
|e editor.
|
| 776 |
0 |
8 |
|i Print version:
|t International perspectives on crowdfunding : positive, normative and critical theory.
|d Bingley, [England] : Emerald, c2016
|h xxxvi, 269 pages
|z 9781785603150
|
| 797 |
2 |
|
|a ProQuest (Firm)
|
| 856 |
4 |
0 |
|u https://ebookcentral.proquest.com/lib/matrademy/detail.action?docID=4529650
|z Click to View
|